Statistiques concernant Départements limitrophes de la Saône-et-Loire

Cliquez ici pour prendre le quiz!

Statistiques générales

  • Ce quiz a été pris 56 fois
  • Le résultat moyen est 6 sur 7

Statistiques - réponses

Département% Correct
Ain
92%
Côte-d'Or
92%
Jura
92%
Rhône
90%
Allier
88%
Loire
88%
Nièvre
83%

Distribution des résultats

Percentile par nombre de réponses

% des personnes avec chaque résultat

Votre développement - résultats

Vous n’avez pas pris ce quiz